Bail law and procedures : (Record no. 138848)

MARC details
000 -LEADER
fixed length control field 00792nam a22002177a 4500
005 - DATE AND TIME OF LATEST TRANSACTION
control field 20170412171243.0
010 ## - LCCN (DPL NO)
LC control number ENG-109127
020 ## - INTERNATIONAL STANDARD BOOK NUMBER
International Standard Book Number 9789351439851
Terms of availability 425.00
035 ## - SYSTEM CONTROL NUMBER
System control number B-667528
037 ## - SOURCE OF ACQUISITION
Source of stock number/acquisition KBD/Ven
082 ## - DEWEY DECIMAL CLASSIFICATION NUMBER
Classification number 345.54056
100 ## - MAIN ENTRY--PERSONAL NAME
Personal name Janak Raj Jai
245 ## - TITLE STATEMENT
Title Bail law and procedures :
Statement of responsibility, etc by Janak Raj Jai
Remainder of title with tips to avoid police harassment /
250 ## - EDITION STATEMENT
Edition statement 7th ed
260 ## - PUBLICATION, DISTRIBUTION, ETC. (IMPRINT)
Place of publication, distribution, etc Delhi
Name of publisher, distributor, etc Universal Law Publishing
Date of publication, distribution, etc 2016
270 ## - ADDRESS
Address C- FF - 1A, Dilkhush Industrial Estate, G. T. Karnal Road,
City Delhi
Postal code 110033
300 ## - PHYSICAL DESCRIPTION
Extent xxxv,320p.
Dimensions 24cm(pbk)
500 ## - GENERAL NOTE
General note Includes index
942 ## - ADDED ENTRY ELEMENTS (KOHA)
Source of classification or shelving scheme Dewey Decimal Classification
Item type English Books
Call number suffix JAN
Classification part 345.54056
Holdings
Withdrawn status Lost status Not for loan Collection code Home library Current library Date acquired Source of acquisition Cost, normal purchase price Full call number Barcode Copy number Cost, replacement price Koha item type
      Non-fiction Ashok Vihar Ashok Vihar 12/04/2017 BPPD/EN/2013-14/AV/16-17/365/15.02.2017KBD/BL16/24.02.2017/17.03.217 425.00 345.54056 JAN B-667528 1 425.00 English Books

© Delhi Public Library
Hit Counter
free hit counter